[Event "Mechanics' Winter TNM; 30/90, SD/30"]
[Site "San Francisco"]
[Date "2009.01.27"]
[Round "4.22"]
[White "Livschitz, Jennifer"]
[Black "Rettenmaier, Robert"]
[Result "1/2-1/2"]
[WhiteElo "1631"]
[BlackElo "1365"]
[PlyCount "80"]
[EventDate "2009.??.??"]

1. e4 c5 2. Nf3 g6 3. d4 cxd4 4. Nxd4 Nc6 5. Nc3 Bg7 6. Be3 Nf6 7. Bc4 O-O 8.
Qd2 Ng4 9. Nxc6 bxc6 10. Bd4 Bxd4 11. Qxd4 Qb6 12. Qxb6 axb6 13. Rd1 b5 14. Bb3
d6 15. O-O b4 16. Ne2 Be6 17. Bxe6 fxe6 18. Nd4 c5 19. Nxe6 Rf6 20. Nc7 Rxa2
21. Nd5 Rf7 22. f3 Ne5 23. f4 Nc4 24. b3 Na3 25. c3 bxc3 26. Nxc3 Rc2 27. Nd5
Re2 28. Ra1 Nb5 29. g3 e6 30. Ra5 Nd4 31. Nc3 Re3 32. Nb5 Nxb5 33. Rxb5 Rxe4
34. Rd1 Rd7 35. Kf2 e5 36. Rxc5 exf4 37. Kf3 dxc5 38. Rxd7 Re3+ 39. Kxf4 Rxb3
40. Rc7 Rb4+ 1/2-1/2

[Event "Mechanics' Summer TNM; 30/90, SD/30"]
[Site "San Francisco"]
[Date "2009.05.26"]
[Round "1.10"]
[White "Livschitz, Jennifer"]
[Black "Sanguinetti, George"]
[Result "0-1"]
[WhiteElo "1676"]
[BlackElo "2002"]
[PlyCount "108"]
[EventDate "2009.??.??"]

1. e4 Nf6 2. e5 Nd5 3. d4 d6 4. Nf3 Nc6 5. c4 Nb6 6. Nc3 Bg4 7. exd6 cxd6 8.
Be3 e6 9. c5 Nd7 10. cxd6 Bxd6 11. Be2 O-O 12. O-O Ne7 13. Nd2 Bxe2 14. Qxe2
Rc8 15. Rac1 Re8 16. Rfd1 Nf6 17. Nde4 Nxe4 18. Nxe4 Rxc1 19. Rxc1 Nd5 20. Qc4
Bxh2+ 21. Kxh2 Qh4+ 22. Kg1 Qxe4 23. Qc8 Rf8 24. Qxb7 h5 25. Qc6 h4 26. Qc2 Qg4
27. Qd1 Qxd1+ 28. Rxd1 f6 29. Kf1 Rc8 30. Ke2 Kf7 31. Rc1 Rxc1 32. Bxc1 g5 33.
a3 Kg6 34. Kd3 g4 35. Ke2 f5 36. f3 g3 37. f4 Kf7 38. Bd2 Ke7 39. Be3 Kd6 40.
Bd2 Kc6 41. Ba5 Nxf4+ 42. Kf3 Ng6 43. a4 Kd5 44. Bc3 Kc4 45. a5 Kd3 46. b4 Kxc3
47. b5 Kxd4 48. b6 Kd3 49. bxa7 e5 50. a8=Q e4+ 51. Qxe4+ fxe4+ 52. Kg4 Ne5+
53. Kxh4 Nc6 54. Kxg3 e3 0-1

[Event "Mechanics' Spring TNM; 30/90, SD/30"]
[Site "San Francisco"]
[Date "2009.05.05"]
[Round "8.17"]
[White "Livschitz, Jennifer"]
[Black "Standen, Julian"]
[Result "1/2-1/2"]
[WhiteElo "1681"]
[BlackElo "1791"]
[PlyCount "80"]
[EventDate "2009.??.??"]

1. e4 c6 2. d4 d5 3. exd5 cxd5 4. c4 Nf6 5. Nc3 Nc6 6. Nf3 Bg4 7. Be3 e6 8.
cxd5 Nxd5 9. Nxd5 Qxd5 10. Be2 Bb4+ 11. Bd2 O-O 12. Bc3 Rfd8 13. O-O Be7 14. h3
Bh5 15. Qd2 Bf6 16. Rfd1 Rac8 17. a3 a6 18. Qe3 h6 19. Kf1 Na5 20. Bxa5 Qxa5
21. Ne5 Bxe2+ 22. Qxe2 Rc7 23. Nf3 Re8 24. b4 Qa4 25. Kg1 Rc2 26. Qe4 Qb5 27.
Rab1 Re2 28. Qd3 Qxd3 29. Rxd3 Rc2 30. Rf1 Kf8 31. Nh2 h5 32. Nf3 g5 33. d5 Ke7
34. dxe6 Kxe6 35. g3 g4 36. hxg4 hxg4 37. Nh2 Kf5 38. Rd7 Ke6 39. Rd3 Kf5 40.
Rd7 Re7 1/2-1/2

[Event "Mechanics' Winter TNM; 30/90, SD/30"]
[Site "San Francisco"]
[Date "2009.02.10"]
[Round "6.13"]
[White "Livschitz, Jennifer"]
[Black "Wong, Russell"]
[Result "0-1"]
[WhiteElo "1631"]
[BlackElo "2200"]
[PlyCount "62"]
[EventDate "2009.??.??"]

1. e4 Nf6 2. e5 Nd5 3. d4 d6 4. c4 Nb6 5. exd6 exd6 6. Nc3 Be7 7. Nf3 Bg4 8.
Be2 O-O 9. O-O Nc6 10. b3 Re8 11. Be3 Bf6 12. h3 Bf5 13. Bd3 Bxd3 14. Qxd3 d5
15. c5 Nc8 16. Rad1 N8e7 17. Bg5 Bxg5 18. Nxg5 Ng6 19. Qf5 f6 20. Nxh7 Nce7 21.
Qh5 Qd7 22. Kh1 c6 23. g4 Nf4 24. Qh4 Neg6 25. Nxf6+ gxf6 26. Qxf6 Qh7 27. h4
Rf8 28. Qg5 Nh3 29. Qh5 Nxf2+ 30. Rxf2 Rxf2 31. Qxh7+ Kxh7 0-1

[Event "Mechanics' Summer TNM; 30/90, SD/30"]
[Site "San Francisco"]
[Date "2009.06.16"]
[Round "4.3"]
[White "Livschitz, Louise"]
[Black "Rozenvasser, Anthony"]
[Result "0-1"]
[WhiteElo "1956"]
[BlackElo "2167"]
[PlyCount "94"]
[EventDate "2009.??.??"]

1. e4 e6 2. d4 d5 3. Nd2 Nf6 4. e5 Nfd7 5. Bd3 c5 6. c3 Nc6 7. Ne2 Qb6 8. Nf3
f6 9. exf6 gxf6 10. Nf4 Ne7 11. Qe2 cxd4 12. Nxd4 Ne5 13. Bb5+ Kf7 14. Qh5+
N5g6 15. Be3 Qa5 16. Bd3 Bg7 17. Nh3 e5 18. Nf5 Bxf5 19. Bxf5 Qb5 20. Qg4 h5
21. Bxg6+ Nxg6 22. Qf5 Ne7 23. Qf3 Qd7 24. O-O Qg4 25. Ng5+ Kg6 26. Qxg4 hxg4
27. Ne6 Bh6 28. Bc5 Kf7 29. Nc7 Rac8 30. Bxe7 Rxc7 31. Bb4 Bg5 32. Rad1 Ke6 33.
Rd3 Rch7 34. h3 gxh3 35. g3 h2+ 36. Kh1 f5 37. Rfd1 Rd7 38. Bc5 e4 39. Rd4 b6
40. Ba3 Bf6 41. R4d2 Be5 42. c4 d4 43. b3 d3 44. Bb2 Bxb2 45. Rxb2 f4 46. Rbd2
fxg3 47. fxg3 Ke5 0-1

[Event "Mechanics' Summer TNM; 30/90, SD/30"]
[Site "San Francisco"]
[Date "2009.05.26"]
[Round "1.15"]
[White "Livschitz, Louise"]
[Black "Smith, Andrew"]
[Result "1-0"]
[WhiteElo "1956"]
[BlackElo "1548"]
[PlyCount "63"]
[EventDate "2009.??.??"]

1. e4 c5 2. Nf3 d6 3. d4 cxd4 4. Nxd4 Nf6 5. Nc3 g6 6. Be3 Bg7 7. f3 O-O 8. Qd2
Bd7 9. Bc4 a6 10. O-O-O Nc6 11. h4 Rc8 12. Bb3 Na5 13. h5 Nxb3+ 14. Nxb3 Be6
15. Nd4 Qd7 16. g4 Rxc3 17. Qxc3 Nxe4 18. fxe4 Bxg4 19. Rdg1 Rc8 20. Qd2 e5 21.
hxg6 fxg6 22. Nb3 Bf3 23. Qd5+ Kf8 24. Rf1 Qg4 25. Qxd6+ Kg8 26. Rxf3 Rxc2+ 27.
Kxc2 Qxe4+ 28. Kd2 Qxf3 29. Qe6+ Kh8 30. Qe8+ Bf8 31. Qxe5+ Kg8 32. Qe6+ 1-0

[Event "Capps Memorial"]
[Site "San Francisco"]
[Date "2009.11.08"]
[Round "6"]
[White "Loanzon, Arjoe"]
[Black "De Guzman, Ricardo"]
[Result "1/2-1/2"]
[WhiteElo "2245"]
[BlackElo "2469"]
[PlyCount "53"]
[EventDate "2009.11.08"]
[EventType "swiss"]
[EventRounds "6"]
[EventCountry "USA"]

1. e4 e5 2. Nf3 Nf6 3. Nxe5 d6 4. Nf3 Nxe4 5. Qe2 Qe7 6. d3 Nf6 7. Bg5 Nbd7 8.
Nc3 Qxe2+ 9. Bxe2 c6 10. O-O Be7 11. Rfe1 O-O 12. Ne4 d5 13. Nxf6+ Bxf6 14.
Bxf6 Nxf6 15. Ne5 Re8 16. Bf3 Kf8 17. h3 Nd7 18. Nxd7+ Bxd7 19. d4 Rxe1+ 20.
Rxe1 Re8 21. Rxe8+ Kxe8 22. Kf1 Ke7 23. Ke2 Kd6 24. Ke3 Be6 25. b4 f6 26. c3 b6
27. Be2 1/2-1/2

[Event "Mechanics' Wilkerson Mem TNM; 30/90, SD"]
[Site "San Francisco"]
[Date "2009.09.01"]
[Round "5.8"]
[White "Luke, Gary"]
[Black "Argishti, Dante"]
[Result "1-0"]
[WhiteElo "1817"]
[BlackElo "2046"]
[PlyCount "97"]
[EventDate "2009.??.??"]

1. e4 e6 2. d4 d5 3. Nd2 Nf6 4. Bd3 c5 5. dxc5 Bxc5 6. Ngf3 Nbd7 7. O-O Qc7 8.
Qe2 a6 9. h3 dxe4 10. Nxe4 Nxe4 11. Bxe4 Nf6 12. Bd3 Qb6 13. c3 Bd7 14. Bg5 h6
15. Bf4 Bc6 16. Ne5 O-O 17. b4 Be7 18. Nc4 Qd8 19. Rfd1 Bd5 20. Ne5 Qb6 21. Be3
Qc7 22. Bd4 Rad8 23. Qe3 Ra8 24. c4 Bc6 25. a3 Ba4 26. Rdc1 Rfe8 27. Bb6 Qc8
28. Rc3 Bd6 29. f4 Nd7 30. Bd4 Nf6 31. c5 Be7 32. Nc4 Qc6 33. Qg3 Rad8 34. Be5
Rf8 35. Nd6 Bb5 36. Be4 Qd7 37. Bxb7 Nh5 38. Qf3 f6 39. Be4 fxe5 40. Qxh5 Bxd6
41. Qg6 Rf6 42. Qh7+ Kf7 43. cxd6 Qxd6 44. Bf3 Rg8 45. Rd1 Qb6+ 46. Kh1 Rxf4
47. Bh5+ Ke7 48. Qxg8 Rf8 49. Qxg7+ 1-0

[Event "Mechanics' Summer TNM; 30/90, SD/30"]
[Site "San Francisco"]
[Date "2009.06.16"]
[Round "4.21"]
[White "Luke, Gary"]
[Black "Bertot, German"]
[Result "1-0"]
[WhiteElo "1800"]
[BlackElo "1561"]
[PlyCount "87"]
[EventDate "2009.??.??"]

1. e4 e5 2. f4 exf4 3. Nf3 d6 4. Bc4 h6 5. c3 g5 6. O-O Nc6 7. d4 Bg7 8. Qb3
Qe7 9. e5 dxe5 10. dxe5 Kf8 11. Bb5 Qc5+ 12. Kh1 Be6 13. Qa4 Nge7 14. Nd4 Bd5
15. b4 Qb6 16. Bxc6 Nxc6 17. b5 Nxe5 18. Ba3+ Kg8 19. Nf5 Bf6 20. Nd2 Qe6 21.
Qc2 Qd7 22. c4 Be6 23. Ng3 Nxc4 24. Nxc4 Bxa1 25. Rxa1 fxg3 26. Bb2 Rh7 27. a4
Bf5 28. Qc3 Qe6 29. Re1 Qg6 30. Ne5 Qg7 31. Qxc7 Re8 32. hxg3 Qf8 33. Qc3 f6
34. Ba3 Qg7 35. Nc4 Rxe1+ 36. Qxe1 Qd7 37. Nd6 Qe6 38. Qf2 Bg6 39. Qxa7 Rd7 40.
Qb8+ Kh7 41. Kh2 Qd5 42. Ne8 Rf7 43. Be7 Qe6 44. Qd6 {Black lost on time} 1-0

[Event "Mechanics' Winter TNM; 30/90, SD/30"]
[Site "San Francisco"]
[Date "2009.01.06"]
[Round "1.17"]
[White "Luke, Gary"]
[Black "Cole, Tony"]
[Result "1/2-1/2"]
[WhiteElo "1812"]
[BlackElo "1359"]
[PlyCount "125"]
[EventDate "2009.??.??"]

1. e4 e5 2. f4 exf4 3. Nf3 Nc6 4. d4 d5 5. e5 g5 6. Ng1 f6 7. Qh5+ Kd7 8. Qf7+
Qe7 9. Qxd5+ Ke8 10. Bb5 Bd7 11. Nf3 Qe6 12. Qxe6+ Bxe6 13. O-O h6 14. Nc3 Rd8
15. Re1 f5 16. h4 Be7 17. Ne2 g4 18. Nxf4 Bd5 19. Nxd5 Rxd5 20. Bc4 Rd8 21. d5
Nb4 22. Nd4 Bc5 23. Be3 Bxd4 24. Bxd4 Nxc2 25. Bc3 Nxa1 26. e6 Rh7 27. Rxa1 g3
28. Rf1 Ne7 29. Bf6 c6 30. Rf3 b5 31. Be2 f4 32. Bd3 Rxd5 33. Bxh7 Rd6 34. Rxf4
Rxe6 35. Bc3 Nd5 36. Re4 Rxe4 37. Bxe4 Kd7 38. Be5 Nb4 39. a3 Na6 40. b4 c5 41.
bxc5 Nxc5 42. Bf5+ Kc6 43. Bd4 Kd5 44. Be3 a5 45. Bxh6 Ne4 46. Bg7 b4 47. axb4
axb4 48. h5 Ng5 49. h6 b3 50. h7 Nxh7 51. Bxh7 Kc4 52. Be5 Kd5 53. Bxg3 b2 54.
Bf4 Ke6 55. g4 Kf6 56. g5+ Kg7 57. Bf5 Kf7 58. Be5 Kg8 59. Bxb2 Kf7 60. g6+ Kg8
61. Be6+ Kf8 62. Bf6 Ke8 63. g7 1/2-1/2

[Event "Mechanics' Wilkerson Mem TNM; 30/90, SD"]
[Site "San Francisco"]
[Date "2009.09.08"]
[Round "6.6"]
[White "Luke, Gary"]
[Black "Jones, James"]
[Result "0-1"]
[WhiteElo "1817"]
[BlackElo "2069"]
[PlyCount "72"]
[EventDate "2009.??.??"]

1. e4 c5 2. Nf3 d6 3. d4 cxd4 4. Nxd4 Nf6 5. Nc3 g6 6. Bd3 Bg7 7. Nb3 Nc6 8.
Bf4 Bd7 9. Qd2 Rc8 10. O-O-O O-O 11. Kb1 Na5 12. e5 dxe5 13. Bxe5 Nxb3 14. axb3
Be6 15. Qe2 Qa5 16. Rde1 Rfd8 17. f3 Nd5 18. Nxd5 Rxd5 19. Bxg7 Kxg7 20. Bc4
Rd2 21. Qe5+ Qxe5 22. Rxe5 Bxc4 23. bxc4 e6 24. b3 Rxg2 25. Re3 Rd8 26. Rc3
Rdd2 27. c5 Rxh2 28. Rxh2 Rxh2 29. b4 Rh4 30. b5 Rb4+ 31. Rb3 Rxb3+ 32. cxb3
Kf6 33. c6 bxc6 34. bxc6 Ke7 35. b4 a6 36. Kb2 Kd6 0-1

[Event "Mechanics' Winter TNM; 30/90, SD/30"]
[Site "San Francisco"]
[Date "2009.02.03"]
[Round "5.15"]
[White "Luke, Gary"]
[Black "MacIntyre, Brendan"]
[Result "1-0"]
[WhiteElo "1812"]
[BlackElo "1654"]
[PlyCount "115"]
[EventDate "2009.??.??"]

1. e4 c5 2. Nf3 Nc6 3. d4 cxd4 4. Nxd4 g6 5. Be3 Bg7 6. c3 d6 7. Qd2 Nf6 8. Bd3
O-O 9. h3 d5 10. Nxc6 bxc6 11. e5 Ne4 12. Bxe4 dxe4 13. Qxd8 Rxd8 14. Nd2 Bxe5
15. Nxe4 Ba6 16. Rd1 Rxd1+ 17. Kxd1 Rd8+ 18. Kc1 Bc4 19. Rd1 Rxd1+ 20. Kxd1
Bxa2 21. Bxa7 Bd5 22. f3 Bxe4 23. fxe4 Kf8 24. Bd4 Bc7 25. e5 Ke8 26. Ke2 Kd7
27. Kd3 Ke6 28. Ke4 f5+ 29. exf6 exf6 30. g4 Bg3 31. c4 h5 32. b4 f5+ 33. gxf5+
gxf5+ 34. Kf3 Bd6 35. Bc3 Bc7 36. Bd2 Bd6 37. Be1 Kf6 38. b5 cxb5 39. cxb5 Ke6
40. Bg3 Bc5 41. Bc7 Kd7 42. b6 Kc6 43. Kf4 h4 44. Kxf5 Bf2 45. Kg4 Kd7 46. Kf3
Bc5 47. Kf4 Bf2 48. Kg4 Be1 49. Kf3 Bb4 50. Bf4 Kc6 51. Be3 Be7 52. Bf2 Bd8 53.
Kg4 Bxb6 54. Bxb6 Kxb6 55. Kxh4 Kc6 56. Kg5 Kd7 57. Kf6 Ke8 58. Kg7 1-0

[Event "Mechanics' Wilkerson Mem TNM; 30/90, SD"]
[Site "San Francisco"]
[Date "2009.08.11"]
[Round "2.6"]
[White "Luke, Gary"]
[Black "Manvelyan, Hayk"]
[Result "0-1"]
[WhiteElo "1817"]
[BlackElo "2071"]
[PlyCount "74"]
[EventDate "2009.??.??"]

1. e4 e6 2. d4 d5 3. Nd2 c5 4. dxc5 Bxc5 5. Bb5+ Bd7 6. Qe2 Bxf2+ 7. Qxf2 Bxb5
8. Qc5 Bc6 9. exd5 Qxd5 10. Qxd5 Bxd5 11. Ngf3 Nf6 12. c4 Bc6 13. Ne5 Nfd7 14.
Ndf3 f6 15. Nd3 e5 16. Nb4 a5 17. Nd5 Bxd5 18. cxd5 Nb6 19. d6 Nc4 20. b3 Nxd6
21. Ba3 Nb5 22. Rc1 Na6 23. Bb2 Nb4 24. Ke2 e4 25. Nh4 Nd3 26. Rc4 Nxb2 27.
Rxe4+ Kf7 28. Rc1 Rac8 29. Rxc8 Rxc8 30. Kd2 Nc3 31. Rd4 Ke6 32. Rg4 g5 33. Kc2
h5 34. Rg3 Ne4+ 35. Kxb2 Nxg3 36. Nf3 Nf5 37. Nd2 Ne3 0-1

[Event "Mechanics' Summer TNM; 30/90, SD/30"]
[Site "San Francisco"]
[Date "2009.06.02"]
[Round "2.6"]
[White "Luke, Gary"]
[Black "Manvelyan, Hayk"]
[Result "0-1"]
[WhiteElo "1800"]
[BlackElo "2072"]
[PlyCount "46"]
[EventDate "2009.??.??"]

1. e4 e6 2. d4 d5 3. Nd2 c5 4. c3 cxd4 5. cxd4 dxe4 6. Nxe4 Bb4+ 7. Nc3 Nc6 8.
Nf3 Nf6 9. Bd3 O-O 10. O-O b6 11. Bf4 Bb7 12. h3 Rc8 13. a3 Bd6 14. Bg5 h6 15.
Be3 Ne7 16. Ne5 Ned5 17. Bd2 Nxc3 18. Bxc3 Ne4 19. Bxe4 Bxe4 20. Qg4 Bf5 21.
Qh5 f6 22. Ng6 Qe8 23. Rae1 Bxg6 0-1

[Event "Mechanics' Wilkerson Mem TNM; 30/90, SD"]
[Site "San Francisco"]
[Date "2009.09.22"]
[Round "8.15"]
[White "Luke, Gary"]
[Black "Mar, Henry"]
[Result "1-0"]
[WhiteElo "1817"]
[BlackElo "1500"]
[PlyCount "95"]
[EventDate "2009.??.??"]

1. e4 c5 2. Nf3 d6 3. d4 cxd4 4. Nxd4 Nf6 5. Nc3 g6 6. Be2 Bg7 7. Be3 O-O 8.
O-O Nc6 9. Nb3 a6 10. f3 b5 11. Qd2 Bb7 12. Rad1 Qc7 13. Bd3 Rac8 14. Qf2 Ne5
15. Bb6 Qb8 16. Kh1 Nfd7 17. Bd4 Ba8 18. Be2 Qc7 19. f4 Nc4 20. Bxg7 Kxg7 21.
Bg4 Rcd8 22. Rd3 Nf6 23. Qd4 Qb6 24. Qxb6 Nxb6 25. Bf3 Nc4 26. e5 Bxf3 27.
exf6+ exf6 28. Rdxf3 Rfe8 29. Nd1 Re7 30. Nd4 Rc8 31. Rd3 f5 32. g3 d5 33. b3
Nb6 34. Kg2 Nd7 35. Re3 Re4 36. Rxe4 fxe4 37. Ne3 Nf6 38. g4 Rc3 39. Re1 Rc5
40. b4 Rc3 41. g5 Nh5 42. Nxd5 Rc4 43. Rxe4 Kf8 44. a4 bxa4 45. Ne6+ fxe6 46.
Rxc4 exd5 47. Rd4 a3 48. Kf3 {B time exp} 1-0

[Event "Mechanics' Winter TNM; 30/90, SD/30"]
[Site "San Francisco"]
[Date "2009.02.17"]
[Round "7.17"]
[White "Luke, Gary"]
[Black "Newey, Richard"]
[Result "1-0"]
[WhiteElo "1812"]
[BlackElo "1690"]
[PlyCount "81"]
[EventDate "2009.??.??"]

1. e4 c5 2. Nf3 e6 3. d4 cxd4 4. Nxd4 a6 5. f4 d5 6. e5 Bc5 7. c3 Ne7 8. Bd3
Bd7 9. Nd2 Nbc6 10. N2b3 Ba7 11. Qf3 Rc8 12. Be3 b5 13. Qf2 Rc7 14. O-O Qc8 15.
Rae1 b4 16. Qe2 a5 17. Nb5 Bxe3+ 18. Qxe3 O-O 19. Nxc7 Qxc7 20. cxb4 Nxb4 21.
Rc1 Qb8 22. Bb1 Bb5 23. Rf3 a4 24. Nd4 Bc4 25. b3 axb3 26. axb3 Ba6 27. Rh3 h6
28. g4 Rc8 29. Rc3 Rxc3 30. Qxc3 Qb6 31. Kg2 Bb7 32. Kf1 Ba6+ 33. Ke1 Nec6 34.
Nxc6 Nxc6 35. Rg3 Nb4 36. g5 h5 37. g6 d4 38. gxf7+ Kxf7 39. Qf3 d3 40. Qxh5+
Kg8 41. Qe8+ 1-0

[Event "Mechanics' Summer TNM; 30/90, SD/30"]
[Site "San Francisco"]
[Date "2009.07.07"]
[Round "7.11"]
[White "Luke, Gary"]
[Black "Sanguinetti, George"]
[Result "1-0"]
[WhiteElo "1800"]
[BlackElo "2002"]
[PlyCount "82"]
[EventDate "2009.??.??"]

1. e4 c6 2. d4 d5 3. exd5 cxd5 4. c4 Nc6 5. Nc3 Nf6 6. Nf3 g6 7. h3 Bg7 8. Be3
O-O 9. Rc1 Re8 10. Be2 b6 11. cxd5 Nb4 12. Bb5 Ba6 13. Bxa6 Nxa6 14. Qb3 Nc7
15. d6 exd6 16. O-O Ne6 17. Nb5 a6 18. Na3 h6 19. Rc6 b5 20. Rfc1 Kh7 21. Qb4
Ne4 22. Qe1 f5 23. R1c2 f4 24. Bc1 Nxd4 25. Nxd4 Bxd4 26. Qd1 Qf6 27. Qf3 Ng5
28. Rc7+ Kh8 29. Qb7 Nxh3+ 30. gxh3 f3 31. Rc8 Qf8 32. Rxe8 Rxe8 33. Be3 Bc5
34. Rc3 b4 35. Rxc5 dxc5 36. Nc4 Qf5 37. Kh2 a5 38. Qc6 Rc8 39. Qb6 g5 40. Qb7
Rf8 41. Qe7 Kg8 {end of scorekeeping} 1-0

[Event "Mechanics' Winter TNM; 30/90, SD/30"]
[Site "San Francisco"]
[Date "2009.01.20"]
[Round "3.19"]
[White "Luke, Gary"]
[Black "Star, Spencer"]
[Result "1-0"]
[WhiteElo "1812"]
[BlackElo "1088"]
[PlyCount "75"]
[EventDate "2009.??.??"]

1. e4 d5 2. exd5 Qxd5 3. Nc3 Qd6 4. Bc4 Nf6 5. Nge2 a6 6. a4 Qc6 7. d3 Qxg2 8.
Rg1 Qxh2 9. Bf4 Qh5 10. Rg5 Qh1+ 11. Ng1 Qc6 12. Nb5 axb5 13. Bxb5 Bd7 14. Bxc6
Nxc6 15. Bxc7 g6 16. Rb5 Ra7 17. Bb6 Ra8 18. Be3 Bc8 19. Qf3 Bg7 20. a5 Ra6 21.
c3 O-O 22. Bb6 Nd7 23. Bc7 Nce5 24. Qg3 Nc6 25. O-O-O Nde5 26. f4 Nd7 27. Nf3
f5 28. Rh1 Rf6 29. d4 Re6 30. Ng5 Re2 31. Nxh7 Na7 32. Rd5 b6 33. Qxg6 bxa5 34.
Qe8+ Nf8 35. Nxf8 Rh6 36. Rxh6 Re1+ 37. Kd2 Rg1 38. Ng6+ 1-0

[Event "Mechanics' Summer TNM; 30/90, SD/30"]
[Site "San Francisco"]
[Date "2009.06.30"]
[Round "6.8"]
[White "Lum, Michael"]
[Black "Argishti, Dante"]
[Result "0-1"]
[WhiteElo "1804"]
[BlackElo "2046"]
[PlyCount "48"]
[EventDate "2009.??.??"]

1. e4 e6 2. d4 d5 3. exd5 exd5 4. Nf3 Bg4 5. c4 Nc6 6. Be3 Bb4+ 7. Nc3 Nge7 8.
a3 Bxc3+ 9. bxc3 O-O 10. h3 Bh5 11. c5 $6 Nf5 $17 12. Bd3 Nxe3 13. fxe3 Re8 14.
Kf2 Re6 15. g4 Bg6 16. Re1 Be4 17. Bxe4 $6 dxe4 18. Ng1 Qh4+ 19. Ke2 Rd8 20.
Qc2 h5 21. Rf1 g5 $1 22. Rf5 hxg4 23. Raf1 Ne7 (23... gxh3 24. Nxh3 Qxh3 25.
Rxg5+ Kf8 26. Qb3 (26. Qa2 Ke7) 26... Rxd4 $3) 24. Rxf7 gxh3 0-1

[Event "Mechanics' Summer TNM; 30/90, SD/30"]
[Site "San Francisco"]
[Date "2009.05.26"]
[Round "1.25"]
[White "Lum, Michael"]
[Black "Capdeville, Barry"]
[Result "1-0"]
[WhiteElo "1804"]
[BlackElo "1194"]
[PlyCount "45"]
[EventDate "2009.??.??"]

1. d4 Nf6 2. Bg5 e6 3. e4 Be7 4. Bxf6 Bxf6 5. Ne2 g6 6. c3 e5 7. g3 d6 8. Bg2
O-O 9. O-O Bg7 10. Nd2 Nd7 11. f4 Nf6 12. h3 Bd7 13. fxe5 dxe5 14. dxe5 Ne8 15.
Nf3 f5 16. Qb3+ Kh8 17. exf5 Bxf5 18. Ned4 Qc8 19. Ng5 Bxe5 20. Nxf5 Rxf5 21.
Bxb7 Rxf1+ 22. Rxf1 Qd8 23. Nf7+ 1-0

[Event "Mechanics' Summer TNM; 30/90, SD/30"]
[Site "San Francisco"]
[Date "2009.06.09"]
[Round "3.8"]
[White "Lum, Michael"]
[Black "Jones, James"]
[Result "1-0"]
[WhiteElo "1804"]
[BlackElo "2030"]
[PlyCount "45"]
[EventDate "2009.??.??"]

1. e4 e5 2. Nf3 Nc6 3. Bb5 Nd4 4. Bc4 Nxf3+ 5. Qxf3 Nf6 6. Nc3 Be7 7. Qg3 O-O
8. d3 d6 9. O-O Be6 10. Bb3 Bxb3 11. axb3 Qd7 12. f4 Rae8 13. f5 Kh8 14. Qf3 c6
15. g4 d5 16. g5 dxe4 17. dxe4 Ng8 18. Be3 a6 19. Na4 Qc7 20. Rad1 b5 21. Nc5
Rd8 22. Nxa6 Qa5 23. Ra1 1-0

[Event "Mechanics' Spring TNM; 30/90, SD/30"]
[Site "San Francisco"]
[Date "2009.04.14"]
[Round "5.7"]
[White "Lum, Michael K"]
[Black "Fuentes, Romulo"]
[Result "1-0"]
[WhiteElo "1804"]
[BlackElo "2083"]
[PlyCount "112"]
[EventDate "2009.??.??"]

1. e4 c5 2. Nf3 d6 3. Bb5+ Bd7 4. Bxd7+ Qxd7 5. O-O Nc6 6. d4 cxd4 7. Nxd4 Nf6
8. Nc3 g6 9. f4 Bg7 10. Nf3 Rc8 11. Kh1 O-O 12. Be3 a6 13. Qe2 b5 14. Rad1 b4
15. Nd5 Nxe4 16. Nb6 Qb7 17. Nxc8 Rxc8 18. Bc1 Na5 19. Ng5 Nxg5 20. fxg5 Nc4
21. Qf2 Ne5 22. Bf4 Ng4 23. Qe2 h5 24. gxh6 Nxh6 25. Bxh6 Bxh6 26. Rd3 Bg7 27.
Rdf3 Bf6 28. Qd3 Rc5 29. h3 Qc6 30. R3f2 a5 31. a3 bxa3 32. Qxa3 Rxc2 33. Qxa5
Rxf2 34. Rxf2 Be5 35. Qd2 Qc4 36. Rf1 Qb3 37. Re1 Qg3 38. Kg1 Bd4+ 39. Kf1 e5
40. Re4 f5 41. Rxd4 exd4 42. Qxd4 Qe5 43. Qxe5 dxe5 44. g4 fxg4 45. hxg4 Kf7
46. Ke2 Ke6 47. Ke3 Kd5 48. b4 g5 49. Kd3 e4+ 50. Ke3 Ke5 51. b5 Kd6 52. b6 Kc6
53. Kxe4 Kxb6 54. Kf5 Kc7 55. Kxg5 Kd7 56. Kf6 Ke8 1-0

[Event "Mechanics' Spring TNM; 30/90, SD/30"]
[Site "San Francisco"]
[Date "2009.03.24"]
[Round "2.7"]
[White "Lum, Michael K"]
[Black "Gaffagan, Steven"]
[Result "0-1"]
[WhiteElo "1804"]
[BlackElo "2029"]
[PlyCount "109"]
[EventDate "2009.??.??"]

1. e4 c5 2. Nf3 d6 3. Bb5+ Nd7 4. d4 Ngf6 5. Nc3 cxd4 6. Qxd4 e5 7. Qd1 Be7 8.
Bg5 O-O 9. Bxd7 Qxd7 10. Qd2 Qc6 11. Bxf6 Bxf6 12. O-O Be6 13. Rfd1 Rfd8 14.
Nd5 Bxd5 15. Qxd5 Rac8 16. c3 Qb6 17. Rd2 Rc5 18. Qd3 Qc7 19. Rad1 Rc6 20. Qe3
g6 21. Rd5 Be7 22. Qd3 Rc5 23. Qe3 Rc8 24. Qh6 Bf8 25. Qd2 Be7 26. Qe3 a6 27.
Rxc5 Qxc5 28. Qxc5 Rxc5 29. Rd3 f5 30. Nd2 Kf7 31. f3 Ke6 32. b4 Rc8 33. Kf2 b5
34. Nf1 f4 35. Ke2 g5 36. h3 Bd8 37. Nd2 h5 38. Kd1 Bb6 39. Kc2 Be3 40. Nf1 Bb6
41. Nd2 g4 42. hxg4 hxg4 43. fxg4 Rg8 44. g3 Rxg4 45. gxf4 Rxf4 46. Kb3 Rf2 47.
c4 Bd4 48. cxb5 axb5 49. a4 bxa4+ 50. Kxa4 Rf8 51. Kb3 Rb8 52. Kc4 Rc8+ 53. Kb5
d5 54. Ka6 Rc2 55. b5 0-1

[Event "Mechanics' Spring TNM; 30/90, SD/30"]
[Site "San Francisco"]
[Date "2009.05.05"]
[Round "8.8"]
[White "Lum, Michael K"]
[Black "Krasnov, Steven"]
[Result "1/2-1/2"]
[WhiteElo "1804"]
[BlackElo "1941"]
[PlyCount "113"]
[EventDate "2009.??.??"]

1. d4 Nf6 2. Bg5 d5 3. Nf3 c6 4. e3 Nbd7 5. Bd3 e6 6. Nbd2 Be7 7. O-O O-O 8. c3
h6 9. Bh4 b6 10. Rc1 Bb7 11. Ne5 Nxe5 12. dxe5 Nd7 13. Bg3 c5 14. Qg4 Re8 15.
Nf3 Nf8 16. Bf4 Kh8 17. Qh5 Kg8 18. Rfd1 Rc8 19. Bb5 Bc6 20. Ba6 Rc7 21. c4 Ng6
22. Bg3 Rd7 23. cxd5 Rxd5 24. Rxd5 Qxd5 25. Bc4 Qe4 26. Qh3 Bg5 27. Nd2 Qf5 28.
Qxf5 exf5 29. f4 Bh4 30. Bxh4 Nxh4 31. g3 Rd8 32. Nf1 Nf3+ 33. Kf2 Nd2 34. Rd1
Ne4+ 35. Ke1 Rxd1+ 36. Kxd1 Kf8 37. Nd2 Ke7 38. Nxe4 Bxe4 39. Kd2 f6 40. exf6+
Kxf6 41. Be2 Bd5 42. a3 Ke6 43. Kc3 Kd6 44. Bd3 Be6 45. Be2 Kc6 46. h3 a5 47.
a4 Kd6 48. Bc4 Bd7 49. b3 Bc6 50. Bd3 Ke6 51. Bc4+ Kf6 52. Be2 g5 53. h4 Bd5
54. Bd1 Bf7 55. Be2 Bd5 56. Bc4 Bc6 57. Be2 1/2-1/2

[Event "Mechanics' Spring TNM; 30/90, SD/30"]
[Site "San Francisco"]
[Date "2009.04.28"]
[Round "7.3"]
[White "Lum, Michael K"]
[Black "Snyder, Larry"]
[Result "0-1"]
[WhiteElo "1804"]
[BlackElo "2062"]
[PlyCount "74"]
[EventDate "2009.??.??"]

1. e4 d5 2. exd5 Qxd5 3. Nf3 Bg4 4. Be2 Nc6 5. O-O O-O-O 6. b3 e5 7. h3 Bh5 8.
Bb2 f6 9. d3 g5 10. Nh2 Bxe2 11. Qxe2 h5 12. Re1 Nd4 13. Bxd4 Qxd4 14. Nd2 Bb4
15. a3 Bc3 16. Rad1 Ne7 17. Qe4 Rd7 18. Qxd4 Rxd4 19. Re4 Bxd2 20. Rxd4 exd4
21. Rxd2 Kd7 22. Re2 Nd5 23. Nf3 Nc3 24. Re1 c5 25. Nd2 Re8 26. Rxe8 Kxe8 27.
Ne4 Nxe4 28. dxe4 Ke7 29. Kf1 Ke6 30. Ke2 Ke5 31. Kd3 b5 32. f3 h4 33. Ke2 c4
34. bxc4 bxc4 35. Ke1 Kf4 36. Kf2 d3 37. c3 a6 0-1

[Event "Mechanics' Spring TNM; 30/90, SD/30"]
[Site "San Francisco"]
[Date "2009.03.31"]
[Round "3.14"]
[White "MacIntyre, Brendan"]
[Black "Afkham-Ebrahimi, Payam"]
[Result "1-0"]
[WhiteElo "1642"]
[BlackElo "1836"]
[PlyCount "47"]
[EventDate "2009.??.??"]

1. d4 d5 2. c4 c6 3. Nc3 dxc4 4. Nf3 Nf6 5. g3 Bg4 6. Bg2 e6 7. O-O b5 8. Ne5
Qb6 9. Bg5 h5 10. a4 Nd5 11. axb5 f6 12. Ng6 fxg5 13. Nxh8 Ne7 14. Qd2 Nd7 15.
Qxg5 Nf6 16. Ra6 Qd8 17. bxc6 Rc8 18. Qb5 Rc7 19. Qxc4 g5 20. Nb5 Bg7 21. Nxc7+
Qxc7 22. Qc5 Bxh8 23. Rxa7 Qd8 24. c7 1-0